Types of Powers - Manga/Anime - Statistics

General Stats
  • This quiz has been taken 106 times
  • The average score is 5 of 13
Answer Stats
Examples Origin Power % Correct
Jajanken, Dowsing Chain, Holy Chain Hunter X Hunter Nen
93%
Crazy Diamond, Star Platinum, King Crimson JoJo's Bizarre Adventure Stands
64%
Gum-Gum Fruit, Dark-Dark Fruit, Quake-Quake Fruit One Piece Devil Fruits
55%
Fireball Jutsu, Shadow Clone Jutsu, Rasengan Naruto Ninjutsu
51%
Explosion, One For All, Absorb and Release My Hero Academia Quirks
49%
Thunder Cross-Split Attack, Sunlight Yellow Overdrive JoJo's Bizarre Adventure Hamon
31%
Blood Devil, Control Devil, Chainsaw Devil Chainsaw Man Devils
24%
Steel Ball Toss, Golden Spin, Fibonacci Spiral Steel Ball Run Kaiten
24%
Sharingan, Tenseigan, Byakugan, Rinnegan Naruto Dojutsu
19%
the Attack Titan, the Female Titan, the Colossal Titan Attack on Titan Titan Shifters
13%
Breath of the Sun, Flame Breathing, Water Breathing Demon Slayer Breathing Styles
12%
Black Flash, Ten Shadows, Hollow Purple Jujutsu Kaisen Jujutsu
12%
Flame Magic, Water Magic, Anti-Magic Black Clover Grimoires
7%
No matching quizzes found
Score Distribution
Percent of People with Each Score
Percentile by Number Answered
Your Score History
You have not taken this quiz